000 00673nam a2200265Ia 4500
005 20260121170537.0
008 008 260114s9999 xx 000 0 eng d
020 _a9783319899206
037 _aEBOOK
040 _aCRL
040 _beng
040 _cCRL
041 _2eng
041 _aeng
084 _qCRL
100 _aNatalia Kliewer, Jan Fabian Ehmke, Ralf Borndörfer
_91065193
245 0 _aOperations Research Proceedings 2017
260 _bSpringer
260 _bSpringer
260 _c2018
856 _uhttps://link.springer.com/openurl?genre=book&isbn=978-3-319-89920-6
942 _cEBOOK
999 _c1630923
_d1630923